书目信息 |
| 题名: |
社会科学中的数学和其他论文
|
|
| 作者: | 斯通 著 | |
| 分册: | ||
| 出版信息: | 北京 首都经济贸易大学出版社 2000.04 |
|
| 页数: | 475页 | |
| 开本: | 32开 | |
| 丛书名: | ||
| 单 册: | ||
| 中图分类: | F225-53 | |
| 科图分类: | ||
| 主题词: | 经济--计算 , 经济数学--方法 | |
| 电子资源: | ||
| ISBN: | 7-5638-0417-X | |
| 000 | 00651nam0 2200205 45 | |
| 001 | 0012111592 | |
| 005 | 20001211151807.9 | |
| 010 | @a7-5638-0417-X@d31.50元 | |
| 100 | @a20001211d2000 km y0chiy0120 ea | |
| 101 | 0 | @achi |
| 105 | @a z 000yy | |
| 200 | 1 | @a社会科学中的数学和其他论文@AShe Hui Ke Xue Zhong De Shu Xue He Qi Ta Lun Wen@f(英)斯通著;楼克明等译@F(Ying)Si Tong Zhu;Lou Ke Ming Deng Yi |
| 210 | @a北京@c首都经济贸易大学出版社@d2000.04 | |
| 215 | @a475页@d32开 | |
| 606 | 0 | @a经济@x计算 |
| 606 | 0 | @a经济数学@x方法 |
| 690 | @aF225-53@v3 | |
| 701 | 0 | @a斯通@4著 |
| 801 | @aCN@bPftUser@c20001211 | |
| 905 | @b305407-408@dF225-53@eS.306@f2 | |
| 社会科学中的数学和其他论文/(英)斯通著;楼克明等译.-北京:首都经济贸易大学出版社,2000.04 |
| 475页;32开 |
| ISBN 7-5638-0417-X:31.50元 |
| ● |
| 相关链接 |
|
|
|
正题名:社会科学中的数学和其他论文
索取号:F225-53/S.306
 
预约/预借
| 序号 | 登录号 | 条形码 | 馆藏地/架位号 | 状态 | 备注 |
| 1 | 305407 | 203054078 | 社科二线400B/400B社科库 32排3列5层/ [索取号:F225-53/S.306] | 在馆 | |
| 2 | 305408 | 203054087 | 社科二线422/409社科库 73排4列5层/ [索取号:F225-53/S.306] | 在馆 |